| 000 | 01072cam a2200289 a 4500 | ||
|---|---|---|---|
| 999 |
_c17780 _d17780 |
||
| 008 | 110315s2011 enka bc 001 0 eng | ||
| 020 | _a9780900785849 (pbk.) | ||
| 050 | 0 | 0 |
_aN6853.W38 _bA4 2011 |
| 100 | 1 | _aVogtherr, Christoph Martin. | |
| 245 | 1 | 0 |
_aWatteau at the Wallace Collection / _cChristoph Martin Vogtherr. |
| 260 |
_aLondon : _bWallace Collection, _cc2011. |
||
| 300 |
_a152 p. : _bill. (chiefly col.) ; _c28 cm. |
||
| 504 | _aIncludes bibliographical references (p. 148-149) and index. | ||
| 710 | 2 | _aWallace Collection (London, England) | |
| 942 |
_2lcc _cBOOKS _hN6853.W38 A4 2011 _01 |
||